000 00209nam a22000857a 4500
008 161207b xxu||||| |||| 00| 0 eng d
100 _91898
_aNosov. N
245 _aDunno's Adventure
260 _aMoscow
_bRadussa
_c1986
999 _c4660
_d4660